Technologie der Gewindeverbindungen

Bibliographic Details
Main Author: Dominik, Jozef, 1942- (Author)
Format: Book
Language:German
PhysicalDescription:88 s. fotogr., sch., tab. 24 cm
Published: Žilina Ferodom 2008
ISBN:9788096981380
Edition:[1. Ausg.]
Subjects:

MARC

LEADER 00000nam a2200000 a 4500
001 vtls009184302
003 SK-MaSNL
005 20260302043108.0
008 240313s2008 xo ol f a 000 0 ger
015 |a SNBA2008/02-00824 
020 |a 9788096981380  |q (brož.) 
035 |a CDC9824C-F90C-4044-B4B7-1BAEF237907E 
035 |a urn:nbn:sk:snk-aml35h 
035 |a urn:nbn:sk:snk-am008l9o 
040 |a SNK  |b slo  |c SNK  |e AACR2 
041 0 |a ger  |b eng 
044 |a xo  |c SK 
072 7 |a 621  |x Strojárstvo  |2 konspekt 
080 |a 621.88  |2 2001 
080 |a 621.88.082  |2 2001 
080 |a 621.882  |2 2001 
080 |a (048.8)  |2 2001 
100 1 |a Dominik, Jozef,  |d 1942-  |4 aut  |9 696808 
245 1 0 |a Technologie der Gewindeverbindungen  |c [Jozef Dominik] 
250 |a [1. Ausg.] 
260 |a Žilina  |b Ferodom  |c 2008 
300 |a 88 s.  |b fotogr., sch., tab.  |c 24 cm 
546 |a Res. angl. 
650 0 7 |a skrutkové spoje  |2 SNKPH  |9 86115 
650 0 7 |a spojovacie prvky  |2 SNKPH  |9 696809 
650 0 7 |a závity  |2 SNKPH  |9 327751 
650 0 7 |a skrutky  |2 SNKPH  |9 305927 
650 0 7 |a Fasteners  |2 SNKPHeng  |9 314411 
650 0 7 |a Threads  |2 SNKPHeng  |9 327752 
650 0 7 |a Screws  |2 SNKPHeng  |9 314412 
655 7 |a monografie  |2 SNKPH  |9 70139 
655 7 |a Monographs  |2 SNKPHeng  |9 120675 
919 |a 978-80-969813-8-0 
958 |a DE 
958 |a NM 
958 |a OND 
968 |d 62 
999 |c 1085331  |d 1087261 
952 |a SNK  |b SNK  |y PREZ  |7 0  |p 17A0580102  |o snkSC 130879  |i snk2008/3786  |8 0  |0 0  |1 0  |4 0  |d 2008-02-14  |f 1  |l 0  |r 2025-06-19 00:00:00  |w 2026-02-24 
952 |a SNK  |b SNK  |y VYP  |7 0  |p 17A0580101  |o snkSC 130879 D1  |i snk2008/3787  |8 0  |0 0  |1 0  |4 0  |d 2008-02-14  |l 0  |r 2026-02-24 16:38:56  |w 2026-02-24